000 00314nam a22001337a 4500
020 _a978-8170352518
041 _aENG
100 _areeuwijk .L.P
245 _aGuidelines For Quality Management In And Plant Labratories
260 _aRome .
_bFao
_c1998
300 _a143
650 _aFAO
856 _uFAO ( 1 )
999 _c2301
_d2301